01295 a2200205 4500003000500000005001700005010001700022020001500039040000900054082001000063100002100073245009800094250001200192260004300204300001100247500019200258505039600450511021500846538002801061Nust20170207153620.0 a 2009929885 a1435498836 cNust a005.81 aPhilips, Amelia.10aGuide to computer forensics and investigations /cAmelia Philips, Bill Nelson, Chris Steuart. a4th Ed. aBoston, MA :bCengage Learning,c2009. ap. cm. aComputer Forensics And Investigation Processes (Page-1),Understanding Computing Investigations (Page-27), The Investigator's Office And Laboratory (Page-71), Data Acquisitions (Page-99),  aProcessing Crime And Incident Scenes (Page-149), Working With Windows And DOS Systems (Page-197),Current Computer Forensics Tools (Page-259), Macintosh And Linux Boot Processes And File Systems (Page-297), gComputer Forensics Analysis (Page-345), Recovering Graphics Files (Page-381), Virtual Machines, Network Forensics, And Live Acquisitions (Page-423), E-Mail Investigations (Page-451), aCell Phone And Mobile Device Forensics (Page-495), Report Writing For High-Tech Investigations (Page-515), Expert Testimony In High-Tech Investigations (Page-541), Ethics And High-Tech Investigations (Page-575) aAlmirah No.8 Shelf No.5